| 000 | 00949cam a2200289 i 4500 | ||
|---|---|---|---|
| 001 | 16759 | ||
| 003 | DO-SdUEMH | ||
| 005 | 20260108193554.0 | ||
| 007 | ta | ||
| 008 | 211105s2003 dr a|||gr|||| 000 0 spa|d | ||
| 020 | _a9275322929 | ||
| 040 |
_aDO-SdUEMH _bspa _erda |
||
| 041 |
_aspa _heng |
||
| 082 | 1 | 4 |
_mCG _a305.42 V446C _bV446v |
| 084 | _b08-01441 | ||
| 100 |
_aVelzeboer, Marijke _eaut |
||
| 245 | 3 | 0 |
_aLa violencia contra las mujeres: responde el sector de la salud / _cMarijke Velzeboer, Mary Ellsberg, Carmen Clavel-Arcas, Claudia García-Moreno |
| 260 | _c2003 | ||
| 264 | 0 | 1 |
_aWashington, D.C. : _bOrganización panamericana de la salud, _c2003 |
| 264 | 0 | 1 |
_aWashington, D.C. : _bOrganización mundial de la salud, _c2003 |
| 300 |
_a131 paginas : _bIlustraciones ; _c27 cm. |
||
| 336 |
_2rdacontent _atexto _btxt |
||
| 337 |
_2rdamedia _asin mediación _bn |
||
| 338 |
_2rdacarrier _avolumen _bnc |
||
| 942 |
_2ddc _cBK _n0 |
||
| 999 |
_c16759 _d16759 |
||